|
|
|
|
| LEADER |
00000nam a2200000Ia 4500 |
| 008 |
150730b2009 CR ||||| |||| 00| | spa d |
| 022 |
|
|
|a 1659-1666
|
| 090 |
|
|
|a 06.03.06
|b 1699
|
| 100 |
|
|
|a Solorzano Alfaro, Norman José
|
| 245 |
1 |
0 |
|a Valores de convivencia y seguridad: una mirada ciudadana /
|c Norman José Solórzano Alfaro
|
| 260 |
|
|
|a Costa Rica :
|b UNA-IDESPO,
|c 2009
|
| 300 |
|
|
|a 100 páginas
|
| 650 |
1 |
4 |
|a VALORES CULTURALES
|9 593
|
| 650 |
1 |
4 |
|a VALORES SOCIALES
|9 594
|
| 650 |
1 |
4 |
|a OPINIÓN PÚBLICA
|9 595
|
| 650 |
1 |
4 |
|a SEGURIDAD
|9 596
|
| 650 |
1 |
4 |
|a DATOS ESTADÍSTICOS
|9 452
|
| 650 |
1 |
4 |
|a VIDA COTIDIANA
|9 597
|
| 651 |
|
4 |
|a COSTA RICA
|9 47
|
| 942 |
|
|
|i 003273
|h 06.03.06 1699
|2 z
|c 01
|
| 999 |
|
|
|c 133
|d 133
|